Lanean...

Peter Norton`s complete guide to windows 95 /

Xehetasun bibliografikoak
Egile nagusia: Norton, Peter .
Formatua: Printed Book
Hizkuntza:English
Argitaratua: New Delhi : Prentice Hall of India , 1995.
Gaiak:
LEADER 00757cam a2200217ua 4500
001 426
005 20191212161146.0
007 ta
008 181228s1995 ii g b000 u eng u
041 |a eng  |h NULL 
082 |a 005.432W  |b NOR 
100 |a  Norton, Peter . 
245 |a Peter Norton`s complete guide to windows 95 /   |c Peter Norton.  |h Textual Documents 
260 |a New Delhi :   |b Prentice Hall of India ,   |c 1995. 
300 |a NULL ;   |c NULL. 
541 |e 01115  
653 |a Operating System windows 
852 |t 1  |p DCS01115   |a CR  |k 005.432W  |f 00000  |c CR  |m NOR 
942 |c BK 
999 |c 237155  |d 237155 
952 |0 0  |1 0  |4 0  |6 005_000000000000000_432W  |7 0  |9 251385  |a DCS  |b DCS  |c CR  |d 2019-12-12  |f 00000  |l 0  |m 0  |o 005.432W  |p DCS01115   |r 2019-12-12  |t 1  |w 2019-12-12  |y BK